| 000 | 01667nam a2200337 i 4500 | ||
|---|---|---|---|
| 003 | EG-ScBUE | ||
| 005 | 20231220103211.0 | ||
| 008 | 170713s2002 ua f b 000 0 ara d | ||
| 017 | _a2001 / 15178 | ||
| 020 | _a9772083504 | ||
| 040 |
_aEG-ScBUE _bara _erda _dEG-ScBUE _cEG-ScBUE |
||
| 043 | _af-ua--- | ||
| 082 | 0 | 4 |
_a962.01 _bس ي د _222 |
| 100 | 1 |
_aسيد، أحمد فؤاد، _eمؤلف. |
|
| 245 | 1 | 0 |
_aتاريخ مصر الإسلامية : _bزمن سلاطين بني أيوب 567 -- 648 هـ : زوال الخلافة الفاطمية والفكر الشيعي الإسماعيلي، وعودة سيادة الخلافة العباسية على مصر، والفكر السني إليها وتوحيد الجبهة الإسلامية ضد الفرنج، لاسترداد بيت المقدس / _cتأليف دكتور أحمد فؤاد الدين، جامعة عين شمس، كلية الآداب، قسم التاريخ. |
| 250 | _aالطبعة الأولى. | ||
| 264 | 1 |
_aالقاهرة : _bمكتبة مدبولي، _c2002. |
|
| 300 |
_a391 صفحة ؛ _b24 سم. |
||
| 336 |
_2rdacontent _aنص _btxt |
||
| 337 |
_aبدون وسيط _2rdamedia _bn |
||
| 338 |
_aمجلد _bnc _2rdacarrier |
||
| 490 | 0 |
_aصفحات من تاريخ مصر ؛ _v50 |
|
| 504 | _aيشتمل علي إرجاعات ببليوجرافية. | ||
| 590 | _aسامح | ||
| 651 | 7 |
_aمصر _xتاريخ _yالعصر الأيوبي، 1171-1250. _2BUEsh |
|
| 651 | 7 |
_aمصر _xتاريخ _yالعصر العباسي، 750-1258. _2BUEsh |
|
| 651 | 7 |
_aمصر _xتاريخ إسلامي. _2BUEsh |
|
| 653 |
_bGGEN _bBUSBOL _cJuly2017 |
||
| 655 | _vReading book | ||
| 942 | _2ddc | ||
| 999 |
_c25038 _d25010 |
||